<La> gestion de carriere.

Sledovanie profesionálnej cesty sa začína rozmáhať. Sledovanie životnej cesty nahradené plánom povolania. Obmedzené možnosti v praxi. Nástroje sledovania povolania: rozhovor, bilancia práce, oznámenia o voľných miestach, plán pre nástupcov. Zložky výberu. Riziká. Skúsenosti v zahraničí. (Liaisons so...

ver descrição completa

Na minha lista:
Detalhes bibliográficos
Autor principal: Rioux, O.
Formato: Capítulo de Livro
Idioma:francês
Assuntos:
Tags: Adicionar Tag
Sem tags, seja o primeiro a adicionar uma tag!

MARC

LEADER 00000naa a2200000 4500
001 r008332
005 20220913124952.2
041 0 |a fre 
044 |a FR 
245 1 0 |a <La> gestion de carriere.  |c O. Rioux 
520 |a Sledovanie profesionálnej cesty sa začína rozmáhať. Sledovanie životnej cesty nahradené plánom povolania. Obmedzené možnosti v praxi. Nástroje sledovania povolania: rozhovor, bilancia práce, oznámenia o voľných miestach, plán pre nástupcov. Zložky výberu. Riziká. Skúsenosti v zahraničí. (Liaisons social-mensuel 1991, č.59). 
610 2 0 |a povolania 
610 2 0 |a riadenie 
610 2 0 |a bilancia miest pracovných 
610 2 0 |a miesta voľné 
610 2 0 |a riziko 
100 1 |a Rioux, O.